000 00517nam a2200181Ia 4500
008 090123s9999 xx 000 0 und d
082 _b36815
_a891.463/मोकाशी
100 _aमोकाशी दि.बा.
245 _aपालखी
250 _a2
260 _bमौज प्रकाशन
_c2004
300 _a138
600 _aमोकाशी दि.बा.
630 _aपालखी
700 _aमोकाशी दि.बा.
730 _aपालखी
942 _cBOOK
999 _c74882
_d74882